000 00763cam a2200241 a 4500
005 20260305192556.0
008 110923s2011 njua b 001 0 eng c
020 _a9781119770640
020 _a9781119770657
_q(ePub)
020 _a9781119770664
_q(ePdf)
040 _aKABLIB
_cKABLIB
_erda
082 _223
_a572
_bVOE
100 1 _aVoet, Donald.
_915627
245 1 0 _aBiochemistry :
_binternational adaptation /
_cDonald Voet, Judith G. Voet.
250 _a4th ed.
260 _aHoboken, NJ :
_bJohn Wiley & Sons,
_cc2021.
300 _axxiv, 1390, 58 p. :
_bill. (some col.) ;
_c29 cm.
504 _aIncludes bibliographical references, index.
650 0 _aBiochemistry.
650 1 2 _aBiochemistry.
700 1 _aVoet, Judith G.
_915628
942 _2ddc
_cBOOK
999 _c6154
_d6154